Country Natural Landmarks Picture Quiz #1 - Statistics

General Stats
  • This quiz has been taken 48 times
  • The average score is 12 of 16
Answer Stats
Picture Answer % Correct
United States
100%
Algeria | Chad | Egypt | etc...
98%
Iceland
98%
Nepal | China
98%
Japan
95%
Australia
90%
Brazil | Colombia | Ecuador | etc...
88%
South Africa
73%
Tanzania
73%
Switzerland | Italy
68%
Vietnam
68%
Canada
61%
Ireland
61%
Zimbabwe | Zambia
54%
Jordan | Israel
39%
Croatia
22%
No matching quizzes found
Score Distribution
Percent of People with Each Score
Percentile by Number Answered
Your Score History
You have not taken this quiz